00372nam a2200145Ia 4500008004100000040001400041082001100055100001900066245003300085260000800118365002600126366000800152630003300160730003300193100315s9999 xx 000 0 und d cENGLISH  b1589  a"Singh,Avtar " aPrinciples of Mercantile Law c0  eRupees d1 b0.00  f0  aPrinciples of Mercantile Law aPrinciples of Mercantile Law